00621nam a2200205Ia 4500008004000000020001500040041000800055082001300063100001700076245001900093260004800112300001200160650001200172650001100184690001900195700002100214906001100235999001900246952015000265210210b2009 xxu||||| |||| 00| 0 eng d a8130900394 aeng a539 KAKM aKAKANI (S L) aModern physics aNew DelhibViva Books Private Limitedc2009 axx,1183 aphysics aModern aModern Physics aKAKANI (Shubhra) a064099 c139566d139566 001040708PhysicsaALbALcPhysicsd2021-02-17eViva Books Pvt Ltd, Bangaloreg395.00l0o539 KAKMp064099r2021-02-17 00:00:00w2021-02-17yBK